[Event "Madrid Codes Memorial 9th"]
[Site "Madrid"]
[Date "2015.05.10"]
[Round "5"]
[White "Fernandez Bonilla, M Arcangel"]
[Black "Aziz Ortego, Omar Luis"]
[Result "0-1"]
[WhiteElo "1802"]
[BlackElo "2089"]
[PlyCount "58"]
[EventDate "2015.03.29"]
[EventType "swiss"]
[EventRounds "9"]
[EventCountry "ESP"]
[SourceTitle "EXT 2019"]
[Source "ChessBase"]
[SourceDate "2018.10.10"]
[SourceVersion "1"]
[SourceVersionDate "2018.10.10"]
[SourceQuality "1"]

1. Nf3 d6 2. d4 Nd7 3. c4 e5 4. e4 g6 5. Nc3 Bg7 6. dxe5 Nxe5 7. Nxe5 Bxe5 8. Be3 Ne7 9. f4 Bg7 10. Be2 f5 11. Qd2 fxe4 12. g4 Be6 13. 0-0-0 Qd7 14. h3 0-0-0 15. Nb5 a6 16. Nd4 Nc6 17. Rhe1 Rhf8 18. Nxe6 Qxe6 19. f5 gxf5 20. gxf5 Qe5 21. Bf4 Qc5 22. Be3 Qb4 23. a3 Qb3 24. Bg5 Rde8 25. c5 Re5 26. Be3 Qa2 27. Qc2 Na5 28. Qb1 Qb3 29. Bd4 Bh6+ 0-1

[Event "Madrid Codes Memorial 9th"]
[Site "Madrid"]
[Date "2015.04.26"]
[Round "4"]
[White "Sainz Pino, Fernando"]
[Black "Fernandez Bonilla, M Arcangel"]
[Result "0-1"]
[WhiteElo "1925"]
[BlackElo "1802"]
[PlyCount "77"]
[EventDate "2015.03.29"]
[EventType "swiss"]
[EventRounds "9"]
[EventCountry "ESP"]
[SourceTitle "EXT 2019"]
[Source "ChessBase"]
[SourceDate "2018.10.10"]
[SourceVersion "1"]
[SourceVersionDate "2018.10.10"]
[SourceQuality "1"]

1. e4 e5 2. Nf3 Nc6 3. d4 exd4 4. Nxd4 Nf6 5. Nxc6 bxc6 6. Qe2 Bb4+ 7. c3 Bc5 8. e5 Nd5 9. Qg4 g6 10. Bg5 Be7 11. Bh6 d6 12. Qc4 Bd7 13. exd6 cxd6 14. Bg7 Rg8 15. Bd4 Bf6 16. Be2 Bxd4 17. Qxd4 Qb6 18. Qd2 0-0-0 19. Na3 Be6 20. 0-0 Nf6 21. Nc4 Bxc4 22. Bxc4 d5 23. Bd3 h5 24. b4 Ne4 25. Bxe4 dxe4 26. Qf4 f5 27. Rfd1 Rxd1+ 28. Rxd1 Rd8 29. Rd2 Rxd2 30. Qxd2 Qd8 31. Qxd8+ Kxd8 32. h4 Kd7 33. Kf1 Kd6 34. Ke2 Kd5 35. g3 Kc4 36. Kd2 c5 37. a3 cxb4 38. axb4 Kb3 39. b5 0-1

[Event "Madrid Codes Memorial 9th"]
[Site "Madrid"]
[Date "2015.03.29"]
[Round "1"]
[White "Fernandez Bonilla, M Arcangel"]
[Black "Gutierrez Soto, Sergio"]
[Result "1-0"]
[WhiteElo "1802"]
[BlackElo "1546"]
[PlyCount "78"]
[EventDate "2015.03.29"]
[EventType "swiss"]
[EventRounds "9"]
[EventCountry "ESP"]
[SourceTitle "EXT 2019"]
[Source "ChessBase"]
[SourceDate "2018.10.10"]
[SourceVersion "1"]
[SourceVersionDate "2018.10.10"]
[SourceQuality "1"]

1. Nf3 Nf6 2. c4 b6 3. g3 Bb7 4. Bg2 e6 5. 0-0 Be7 6. d4 0-0 7. Nc3 d5 8. Ne5 Nbd7 9. Nxd7 Qxd7 10. Bg5 h6 11. Bxf6 Bxf6 12. cxd5 exd5 13. e3 Rfd8 14. Qh5 Bg5 15. Rac1 Bc6 16. Rc2 Bb7 17. h4 Be7 18. Rfc1 Rac8 19. Kh2 c6 20. Bh3 Qe8 21. Bxc8 Bxc8 22. Qf3 Rd6 23. Qg2 Rg6 24. Nxd5 Bxh4 25. Nf4 Rg4 26. Qxc6 Bd7 27. Qf3 Bg5 28. Rc7 f5 29. Qd5+ Be6 30. Qxe6+ Qxe6 31. Nxe6 Bf6 32. Rxa7 Re4 33. Rc8+ Kh7 34. Nf8+ Kg8 35. Nd7+ Kf7 36. Nxf6+ Kxf6 37. Rc6+ Kg5 38. Rxg7+ Kh5 39. Kh3 f4 1-0

[Event "Villalba op 1st"]
[Site "Villalba"]
[Date "2013.08.01"]
[Round "6.29"]
[White "Fernandez Bonilla, M Arcangel"]
[Black "Martinez de Navascues, Francisco"]
[Result "1-0"]
[WhiteElo "1758"]
[BlackElo "1594"]
[PlyCount "83"]
[EventDate "2013.07.27"]
[EventType "swiss"]
[EventRounds "9"]
[EventCountry "ESP"]
[SourceTitle "EXT 2024"]
[Source "ChessBase"]
[SourceDate "2023.10.10"]
[SourceVersion "1"]
[SourceVersionDate "2023.10.10"]
[SourceQuality "1"]

1. e4 b6 2. d4 Bb7 3. Nc3 e6 4. Bd3 Nf6 5. f3 Bb4 6. Nge2 c5 7. Bg5 h6 8. Bh4 cxd4 9. Nxd4 Bxc3+ 10. bxc3 g5 11. Bg3 Nc6 12. Nb5 0-0 13. Bd6 Ne7 14. h4 Ne8 15. hxg5 hxg5 16. f4 f6 17. Qh5 Ng7 18. Qh7+ Kf7 19. Bc7 Qxc7 20. Nxc7 Rh8 21. Qxh8 Rxh8 22. Rxh8 Ng6 23. Rb8 Bc6 24. fxg5 fxg5 25. Kd2 Ke7 26. Rf1 Ne5 27. Rg8 Kd6 28. Ne8+ Nxe8 29. Rxe8 g4 30. Rg8 Kc5 31. Rg5 Kd6 32. Rf4 a5 33. Rxe5 Kxe5 34. Rxg4 d5 35. exd5 Bxd5 36. Bc4 Kf5 37. Bxd5 Kxg4 38. Bxe6+ Kg3 39. Bd5 Kf4 40. Kd3 Ke5 41. Kc4 Kd6 42. Bf3 1-0